How to stop worrying and start living. (Record no. 7130)

MARC details
000 -LEADER
fixed length control field 00598nam a22002172 4500
001 - CONTROL NUMBER
control field 0000005941
005 - DATE AND TIME OF LATEST TRANSACTION
control field 20151217152008.0
008 - FIXED-LENGTH DATA ELEMENTS--GENERAL INFORMATION
fixed length control field 070810s xx 000 0 eng d
020 ## - INTERNATIONAL STANDARD BOOK NUMBER
International Standard Book Number 9780091906412 :
Terms of availability KES 400
040 ## - CATALOGING SOURCE
Original cataloging agency KABU
Transcribing agency KABU
050 #0 - LIBRARY OF CONGRESS CALL NUMBER
Classification number BF575
Item number .W8C37
100 1# - MAIN ENTRY--PERSONAL NAME
Personal name Carnegie, Dale.
-- 0000157264
245 10 - TITLE STATEMENT
Title How to stop worrying and start living.
260 ## - PUBLICATION, DISTRIBUTION, ETC. (IMPRINT)
Place of publication, distribution, etc. London :
Name of publisher, distributor, etc. Random House,
Date of publication, distribution, etc. 1984.
300 ## - PHYSICAL DESCRIPTION
Extent 304 p.
650 #0 - SUBJECT ADDED ENTRY--TOPICAL TERM
Topical term or geographic name as entry element Worry.
-- 0000157265
650 #0 - SUBJECT ADDED ENTRY--TOPICAL TERM
Topical term or geographic name as entry element Success.
-- 0000148094
908 ## - PUT COMMAND PARAMETER (RLIN)
Put command parameter 070810
950 ## - LOCAL HOLDINGS (RLIN)
-- 1
Holdings
Withdrawn status Lost status Source of classification or shelving scheme Not for loan Home library Current library Date acquired Total Checkouts Full call number Barcode Date last seen Date last checked out Price effective from Koha item type
    Library of Congress Classification   Kabarak, Main Campus Kabarak, Main Campus 17/12/2015 7 BF575 .W8C37 021069 27/05/2025 04/04/2025 17/12/2015 General Collection
Designed with assistance from East African Informatics Ltd